| 000 | 00580nam a2200193Ia 4500 | ||
|---|---|---|---|
| 001 | 6175 | ||
| 008 | 140320s9999 xx 000 0 und d | ||
| 020 | _a0-7494-1404-9 | ||
| 040 | _cPK-LaUMT | ||
| 082 |
_a 657.0681 _bMIL-S |
||
| 100 | _aHeiman, Stephen E., Jt. Auth.; (Tuleja, Tad), Jt. | ||
| 245 |
_aSuccessful large account management _cHeiman, Stephen E., Jt. Auth.; (Tuleja, Tad), Jt.<>Miller, Robert B. |
||
| 260 |
_aLondon,UK: _bKogan Page, _c1991. |
||
| 300 | _a224 p. | ||
| 546 | _aEN | ||
| 650 | _aComparative accounting | ||
| 700 | _aMiller, Robert B. | ||
| 942 | _cBK | ||
| 999 |
_c7787 _d7787 |
||